000
00325nam a22001217a 4500
040
_c
HS
082
_a
823
100
_a
កែវ គឹមហុង
245
_a
Silkworm rearing ការចិញ្ចឹមដង្កូវនាង
260
_a
RUA
_b
កែវ គឹមហុង
_c
2011
300
_a
63p;
942
_c
KB
999
_c
9460
_d
9460